Top 10 MostPopulated Non Capital Cities In South America - Statistics

General Stats
  • This quiz has been taken 47 times
    34 since last reset
  • The average score is 7 of 10
Answer Stats
Pop Country Answer % Correct
12mill Brazil Sao Paulo
94%
6.4 mill Brazil Rio De Janeiro
91%
2.4mill Colombia Medellin
81%
2.5mill Brazil Belo Horizonte
72%
2.6mill Ecuador Guayaquil
72%
2.9mill Brazil Salvador
72%
2.3mill Colombia Cali
63%
2mill Brazil Manaus
63%
2.6mill Brazil Fortaleza
59%
1.8mill Brazil Curitiba
38%
No matching quizzes found
Score Distribution
Percent of People with Each Score
Percentile by Number Answered
Your Score History
You have not taken this quiz since the last reset